| 000 | 00475nam a2200145Ia 4500 | ||
|---|---|---|---|
| 008 | 170224s9999 xx 000 0 und d | ||
| 100 | _aBenedetta Cappellini | ||
| 245 | 2 | _aA space of one’s own: spatial and identity liminality in an online community of mothers | |
| 245 | _cBenedetta Cappellini & Dorothy Ai-wan Yen | ||
| 260 | _bJournal of Marketing Research | ||
| 260 | _c2016 | ||
| 300 | _a32:13-14, Pages: 1260-1283 | ||
| 500 | _aOctober | ||
| 650 | _xMarketing. | ||
| 999 |
_c315972 _d315972 |
||